Library of the University of Algiers 3
Ibrahim Sultan Cheibout
شعار جامعة الجزائر 3
مكتبة جامعة الجزائر 3
إبراهيم سلطان شيبوط

مقدمة لاتفاقيات منظمة التجارة العالمية / (رقم التسجيلة. 44980)

تفاصيل مارك
000 -LEADER
fixed length control field 01878nam a2200229Ia 4500
003 - CONTROL NUMBER IDENTIFIER
control field Ost
005 - DATE AND TIME OF LATEST TRANSACTION
control field 20260507075558.0
008 - FIXED-LENGTH DATA ELEMENTS--GENERAL INFORMATION
fixed length control field 260507s9999||||xx |||||||||||||| ||und||
020 ## - INTERNATIONAL STANDARD BOOK NUMBER
International Standard Book Number 9960245713
040 ## - CATALOGING SOURCE
Transcribing agency fsecg
041 ## - LANGUAGE CODE
Language code of text/sound track or separate title ara
082 ## - DEWEY DECIMAL CLASSIFICATION NUMBER
Classification number 330
100 ## - MAIN ENTRY--PERSONAL NAME
Personal name داس، بهاجيراث لال
Relator term مؤلف
245 #0 - TITLE STATEMENT
Title مقدمة لاتفاقيات منظمة التجارة العالمية /
Statement of responsibility, etc. بهاجيراث لال داس
260 ## - PUBLICATION, DISTRIBUTION, ETC.
Place of publication, distribution, etc. الرياض:
Name of publisher, distributor, etc. دار المريخ للنشر,
Date of publication, distribution, etc. 2006
300 ## - PHYSICAL DESCRIPTION
Extent 213 صفحة؛
Dimensions 24 سم
520 ## - SUMMARY, ETC.
Summary, etc. نظرة عامة على الغات (جولة طوكيو, جولة اوروغواي) اضافة الى المبادئ الاساسية و العناصر الرئيسية لاتفاقاتمنظمة التجارة العالمية و معاملة الدول الاكثر رعاية و المعاملة الوطنية كذلك التعريفات الجمركية و الوقاية , احكام ميزان المدفوعات( المادة 18/ب من اتفاقية جات 1994) الدعم و الرسوم التعويضية و مكافحة الاغراق, الزراعة, المنتوجات و الملابس و كذا الحواجز الفنية أمام التجارة, التقييم الجمركي, قواعد المنشا و كذلك الترخيص بالاستيراد, تدابير الاستثمار المتصلة بالتجارة, المشروعات التجارية للدولة, الخدمات, الجوانب المتصلة بالتجارة لحقوق الملكية الفكرية, الاتفاقات عديدة الاطراف, عملية تسوية المنازعات و أخيرا المؤسسات و اتخاذ القرار.
653 ## - INDEX TERM--UNCONTROLLED
Uncontrolled term الاتفاقيات التجارية
653 ## - INDEX TERM--UNCONTROLLED
Uncontrolled term التجارة الخارجية
653 ## - INDEX TERM--UNCONTROLLED
Uncontrolled term منظمة التجارة العالمية
942 ## - ADDED ENTRY ELEMENTS (KOHA)
Koha item type كتب
المقتنيات
Withdrawn status Lost status Source of classification or shelving scheme Damaged status Not for loan Home library Current library Date acquired Serial enumeration / chronology Inventory number Total checkouts Full call number Barcode Date last seen Price effective from Koha item type
    Dewey Decimal Classification   NOT LOAN / إعارة داخلية مكتبة كلية العلوم الإقتصادية والعلوم التجارية وعلوم التسيير مكتبة كلية العلوم الإقتصادية والعلوم التجارية وعلوم التسيير 07/05/2026 الطابق الأرضي 2255/1   أ/2255ن1 2255/1 07/05/2026 07/05/2026 كتب
    Dewey Decimal Classification   Available مكتبة كلية العلوم الإقتصادية والعلوم التجارية وعلوم التسيير مكتبة كلية العلوم الإقتصادية والعلوم التجارية وعلوم التسيير 07/05/2026 الطابق الأرضي 2255/2   أ/2255ن2 2255/2 07/05/2026 07/05/2026 كتب
    Dewey Decimal Classification   Available مكتبة كلية العلوم الإقتصادية والعلوم التجارية وعلوم التسيير مكتبة كلية العلوم الإقتصادية والعلوم التجارية وعلوم التسيير 07/05/2026 الطابق الأرضي 2255/3   أ/2255ن3 2255/3 07/05/2026 07/05/2026 كتب
    Dewey Decimal Classification   Available مكتبة كلية العلوم الإقتصادية والعلوم التجارية وعلوم التسيير مكتبة كلية العلوم الإقتصادية والعلوم التجارية وعلوم التسيير 07/05/2026 الطابق الثاني 2255/4   أ/2255ن4 2255/4 07/05/2026 07/05/2026 كتب
    Dewey Decimal Classification   Available مكتبة كلية العلوم الإقتصادية والعلوم التجارية وعلوم التسيير مكتبة كلية العلوم الإقتصادية والعلوم التجارية وعلوم التسيير 07/05/2026 الطابق الثاني 2255/5   أ/2255ن5 2255/5 07/05/2026 07/05/2026 كتب

موارد الويب المفتوحة


© University of Algiers 3 All Rights Reserved
|
Implemented by LECHELAH Riad